000 00281nam a2200121Ia 4500
008 190216s9999||||xx |||||||||||||| ||und||
100 _aWalter Rudin
245 0 _aReal And Complex Anlysis
260 _bMcgraw -hill
_c1987
300 _a416p
650 _aMathematics
942 _cBK
999 _c31472
_d31472